<The> European Single Market Opportunity or Fortress?

Gespeichert in:
Bibliographische Detailangaben
1. Verfasser: Trapp, Peter
Format: Buch
Sprache:Englisch
Veröffentlicht: Kiel Institut für Weltwirtschaft 1989
Ausgabe:1. ed.
Schriftenreihe:Working Paper No. 385
Tags: Tag hinzufügen
Keine Tags, Fügen Sie das erste Tag hinzu!

MARC

LEADER 00000nam a2200000 4500
001 c036527
005 20250512073655.6
041 0 |a eng 
044 |a DE 
245 1 0 |a <The> European Single Market  |b Opportunity or Fortress?  |c Peter Trapp 
250 |a 1. ed. 
264 1 |a Kiel  |b Institut für Weltwirtschaft  |c 1989 
300 |a 29 s. 
490 1 |a Working Paper  |v No. 385 
830 0 |a Working Paper  |v No. 385 
100 1 |a Trapp, Peter